Statistical methods and the geographer (Record no. 366908)

000 -LEADER
fixed length control field 00334cam a22001217a 4500
008 - FIXED-LENGTH DATA ELEMENTS--GENERAL INFORMATION
fixed length control field 180718b1963 xxu||||| |||| 00| 0 eng d
082 ## - DEWEY DECIMAL CLASSIFICATION NUMBER
Classification number I5511 G862
100 ## - MAIN ENTRY--PERSONAL NAME
Personal name Gregory, S.
245 ## - TITLE STATEMENT
Title Statistical methods and the geographer
Statement of responsibility, etc. by S. Gregory
260 ## - PUBLICATION, DISTRIBUTION, ETC.
Place of publication, distribution, etc. London
Name of publisher, distributor, etc. Longmans
Date of publication, distribution, etc. 1963
300 ## - PHYSICAL DESCRIPTION
Extent 240p.
650 ## - SUBJECT ADDED ENTRY--TOPICAL TERM
Topical term or geographic name entry element Geography --Statistics
Holdings
Withdrawn status Lost status Damaged status Not for loan Permanent Location Current Location Date acquired Full call number Barcode Date last seen Price effective from Koha item type
        Indian Institute of Public Administration Indian Institute of Public Administration 1994-05-07 I5511 G862 33295 2018-07-21 2018-07-21 Book

Powered by Koha